Countries with Wild Beavers - Statistics

General Stats
  • This quiz has been taken 130 times
  • The average score is 30 of 37
Answer Stats
Answer % Correct
Canada
96%
United States
96%
Russia
93%
Russia
93%
Mexico
92%
France
90%
United Kingdom
90%
Poland
89%
Germany
87%
Sweden
85%
Denmark
84%
Norway
84%
Spain
84%
Belgium
83%
Finland
83%
Finland
83%
Netherlands
83%
Ukraine
83%
Czechia
82%
Lithuania
81%
Estonia
80%
Romania
80%
Slovakia
80%
Belarus
79%
Latvia
79%
Austria
78%
Hungary
78%
Switzerland
77%
Croatia
76%
Slovenia
75%
China
72%
Luxembourg
72%
Serbia
72%
Bosnia and Herzegovina
70%
Kazakhstan
69%
Mongolia
63%
Liechtenstein
60%
No matching quizzes found
Score Distribution
Percent of People with Each Score
Percentile by Number Answered
Your Score History
You have not taken this quiz